000 01093nam a2200265 i 4500
003 EG-GICUC
005 20260410094519.0
008 260410s1985 su ||||fr|||| 000 0 ara d
040 _a EG-GICUC
_bara
_c EG-GICUC
_d EG-GICUC
_erda
041 _aara
082 0 4 _221
_a341.33
_bو ز . ن
092 0 4 _221
099 _aLaw1 11 341.33 و ز . ن 1985
110 1 _aالمملكة العربية السعودية، وزارة الداخلية
_bمعهد الدراسات الدبلوماسية، إدارة البحوث
_cمعهد الدراسات الدبلوماسية بالرياض
_eAuthor.
245 1 0 _aندوة البحر الأحمر /
300 _a251 صفحة ;
_c24 سم
336 _2rda content
_atext
337 _2rda media
_aComputer
338 _2rda carrier
_aOnline Resource
546 _aالنص أغلبه باللغة العربية مع بعض النصوص الإنجليزية
650 1 4 _aالدبلوماسية / السلك الدبلوماسي
856 4 0 _uhttps://fll.law.cu.edu.eg/fulltext/bks/B11-09713.pdf
905 _a67
942 _2ddc
_cBK
_e21
_n0
999 _c69921
_d69921